มุมมองปกติ
มุมมองแบบ MARC
- พรรณทิพา ชเนศร์
รายการ Personal Name
001 - CONTROL NUMBER
- control field: 62105
003 - CONTROL NUMBER IDENTIFIER
- control field: NALT
005 - DATE AND TIME OF LATEST TRANSACTION
- control field: 20231114104821.0
008 - FIXED-LENGTH DATA ELEMENTS
- fixed length control field: 231114|| aca||aabn | a|a d
040 ## - CATALOGING SOURCE
- Original cataloging agency: NALT
100 0# - HEADING--PERSONAL NAME
- Personal name: พรรณทิพา ชเนศร์
